Králové Avalieru. Nelítostný vílí král /
Další pokračování fantasy románu s nelítostným králem Lucienem Thornem v čele. Proslýchá se, že se zamiloval. Je to ale v jeho případě vůbec možné? S jeho pověstí bezcitného monstra?
Uloženo v:
| Série: | Králové Avalieru,
část 3 |
|---|---|
| Hlavní autor: | |
| Další autoři: | |
| Médium: | Kniha |
| Jazyk: | Czech |
| Vydáno: |
Praha :
Cosmopolis,
2026
|
| Vydání: | První vydání |
| Edice: | New adult (Cosmopolis)
|
| Témata: | |
| Celkem bylo vypůjčeno: | 0x |
| Příbuzné jednotky: | Z cyklu::
Králové Avalieru |
| Tagy: |
Žádné tagy |
| LEADER | 02413nam a2200529 i 4500 | ||
|---|---|---|---|
| 001 | 106698 | ||
| 003 | CZ PrNK | ||
| 005 | 20260701113441.0 | ||
| 007 | ta | ||
| 008 | 260623s2026 xr a d 000 f cze | ||
| 015 | |a cnb003765778 | ||
| 020 | |a 9788024751320 |q (brožováno) : |c Kč 449,00 | ||
| 040 | |a ABG001 |b cze |e rda | ||
| 041 | 1 | |a cze |h eng | |
| 072 | 7 | |a 821.111(73)-3 |x Americká próza |2 Konspekt |9 25 | |
| 072 | 7 | |a 821-93 |x Literatura pro děti a mládež (beletrie) |2 Konspekt |9 26 | |
| 080 | |a 821.111(73)-31 |2 MRF | ||
| 080 | |a 821-93 |2 MRF | ||
| 080 | |a (0:82-312.9) |2 MRF | ||
| 100 | 1 | |a Stone, Leia |7 xx0330261 |4 aut |9 116738 | |
| 240 | 1 | 0 | |a Ruthless fae king. |l Česky |
| 245 | 1 | 0 | |a Králové Avalieru. |p Nelítostný vílí král / |c Leia Stone ; přeložila Eva Kadlecová |
| 246 | 3 | 0 | |a Nelítostný vílí král |
| 250 | |a První vydání | ||
| 264 | 1 | |a Praha : |b Cosmopolis, |c 2026 | |
| 300 | |a 358 stran : |b ilustrace ; |c 21 cm | ||
| 336 | |a text |b txt |2 rdacontent | ||
| 337 | |a bez média |b n |2 rdamedia | ||
| 338 | |a svazek |b nc |2 rdacarrier | ||
| 490 | 1 | |a New adult | |
| 500 | |a Přeloženo z angličtiny | ||
| 520 | 2 | |a Další pokračování fantasy románu s nelítostným králem Lucienem Thornem v čele. Proslýchá se, že se zamiloval. Je to ale v jeho případě vůbec možné? S jeho pověstí bezcitného monstra? |b Když Zimní král poprvé spatří Madelynn, princeznu Jeseně, ví, že s jinou se neožení. Svérázná dívka se ale rozhodně nehodlá smířit s rolí pouhé dekorace, jejíž jedinou povinností je vypadat hezky na trůnu a rodit děti králi s pověstí krutého tyrana. Nakladatelská anotace. Kráceno. | |
| 655 | 7 | |a americké romány |7 fd131796 |2 czenas |9 53403 | |
| 655 | 7 | |a fantasy romány |7 fd184199 |2 czenas |9 54250 | |
| 655 | 7 | |a publikace pro mládež |7 fd133157 |2 czenas |9 110 | |
| 655 | 9 | |a American fiction |2 eczenas | |
| 655 | 9 | |a fantasy novels |2 eczenas | |
| 655 | 9 | |a juvenile literature |2 eczenas | |
| 700 | 1 | |a Kadlecová, Eva, |d 1984- |7 xx0103153 |4 trl |9 28362 | |
| 710 | 2 | |a Cosmopolis (nakladatelství) |7 ko20251277653 |4 pbl |9 117136 | |
| 765 | 1 | |t Kings of Avalier | |
| 787 | 0 | 8 | |i Z cyklu: |t Králové Avalieru |g 3 |
| 830 | 0 | |a New adult (Cosmopolis) | |
| 910 | |a UOG502 | ||
| 942 | |2 ddc |c KN | ||
| 999 | |d 106698 | ||
| 993 | |0 0 |1 421180107425 |2 ddc |4 0 |7 0 |9 100203 |b 0 |c 107425 |d 2026-07-01 |e 0 |f DOSP |h 449.00 |i Koupě |l DOSP |r 2026-07-02 |t 6 |w 2026-07-01 |y KN |z BELETM |n | ||